ESTADO Y SOCIEDAD EN AMERICA LATINA/

INCLUYE BIBLIOGRAFIA

Сохранить в:
Библиографические подробности
Главный автор: Cardoso, Fernando Henrique (autor)
Формат:
Серии:CUADERNOS DE INVESTIGACION SOCIAL
Предметы:
Метки: Добавить метку
Нет меток, Требуется 1-ая метка записи!

MARC

LEADER 00000nam^a2200000^a^4500
001 000224436
005 20250521000000.0
009 20260310104048.462
035 |a 043115 
037 |a Acervo Xavier Clavigero 
082 |a 320. 98  |b CAR 
100 |a Cardoso, Fernando Henrique  |e (autor) 
245 1 0 |a ESTADO Y SOCIEDAD EN AMERICA LATINA/  |c FERNANDO HENRIQUE CARDOSO 
264 |a Buenos Aires, Argentina :  |b Nueva Visión,  |c 1972 
300 |a 250p. 
336 |a texto  |b txt  |2 rdacontenido 
337 |a sin mediación  |b n  |2 rdamedio 
338 |a volumen  |b nc  |2 rdasoporte 
440 |a CUADERNOS DE INVESTIGACION SOCIAL 
520 |a INCLUYE BIBLIOGRAFIA 
649 |a XX 
650 |a Política -  |z Iberoamérica 
650 |a Iberoamérica -  |x Condiciones Sociales y Culturales 
910 |a Fondo General 
920 |a Impresos - Libros 
930 |a Colección General 
905 |a 101 
901 |a 043115  |b IT1  |c ACC  |i 043115  |u 20250521 
902 |a https://opac.biblio.iteso.mx/vufind/Record/000224436